000 00440nam a2200157 i 4500
001 43104
003 ES-MaACL
005 20230906160732.0
007 t|
008 030314s1974 sp ||||1| spa d
100 1 _aCenteno, Roberto.
_937419
245 1 0 _aEconomía del petroleo y del gas natural /
_cRoberto Centeno.
260 _aMadrid :
_bTecnos,
_c[1974]
300 _a474 p. :
_bil. ;
_c24 cm.
852 _aES-MaACL
_jC-56484
_bR.89294
999 _c43104
_d43104